[Event "Yuzhny FO-ch op"]
[Site "Armavir"]
[Date "2015.02.??"]
[Round "8"]
[White "Makarkin, Zhan"]
[Black "Gusev, Vitaly N"]
[Result "1-0"]
[WhiteElo "2090"]
[BlackElo "1825"]
[PlyCount "27"]
[EventDate "2015.02.13"]
[EventType "swiss"]
[EventRounds "9"]
[EventCountry "RUS"]
[SourceTitle "CBM 165 Extra"]
[Source "ChessBase"]
[SourceDate "2015.04.21"]
[SourceVersion "1"]
[SourceVersionDate "2015.04.21"]
[SourceQuality "1"]

1. e4 c5 2. Nf3 b6 3. Nc3 Bb7 4. d4 cxd4 5. Nxd4 a6 6. Be3 Nc6 7. Nd5 b5 8. Nxc6 dxc6 9. Bb6 cxd5 10. Bxd8 Rxd8 11. Qd4 Nf6 12. Qb6 Bc8 13. a4 bxa4 14. Bxa6 1-0

[Event "Yuzhny FO-ch op"]
[Site "Armavir"]
[Date "2015.02.??"]
[Round "9"]
[White "Mishin, Valery"]
[Black "Makarkin, Zhan"]
[Result "0-1"]
[WhiteElo "1721"]
[BlackElo "2090"]
[PlyCount "64"]
[EventDate "2015.02.13"]
[EventType "swiss"]
[EventRounds "9"]
[EventCountry "RUS"]
[SourceTitle "CBM 165 Extra"]
[Source "ChessBase"]
[SourceDate "2015.04.21"]
[SourceVersion "1"]
[SourceVersionDate "2015.04.21"]
[SourceQuality "1"]

1. Nf3 d5 2. d4 c6 3. g3 h6 4. Nc3 Bf5 5. Bg2 Nf6 6. e3 e6 7. a3 Be7 8. Ne5 0-0 9. 0-0 Nfd7 10. g4 Bh7 11. Nd3 c5 12. Ne2 Nc6 13. c3 c4 14. Ne1 Na5 15. e4 Nb3 16. Ra2 Bxe4 17. Bxe4 dxe4 18. Be3 Nf6 19. h3 Rc8 20. Nc1 Nxc1 21. Bxc1 Nd5 22. Qc2 f5 23. Qd1 Bd6 24. gxf5 exf5 25. Qh5 Bb8 26. Ng2 f4 27. Bd2 f3 28. Qg4 fxg2 29. Qxg2 Bf4 30. Bxf4 Rxf4 31. Raa1 Qg5 32. Qxg5 hxg5 0-1

[Event "Voronezh op-B 18th"]
[Site "Voronezh"]
[Date "2014.06.14"]
[Round "3"]
[White "Makarkin, Zhan"]
[Black "Alieva, Alexandra"]
[Result "0-1"]
[WhiteElo "2084"]
[BlackElo "1950"]
[PlyCount "40"]
[EventDate "2014.06.12"]
[EventType "swiss"]
[EventRounds "9"]
[EventCountry "RUS"]
[SourceTitle "EXT 2015"]
[Source "ChessBase"]
[SourceDate "2014.11.20"]
[SourceVersion "1"]
[SourceVersionDate "2014.11.20"]
[SourceQuality "1"]

1. e4 e5 2. Nf3 Nc6 3. Nc3 Nf6 4. Bb5 Nd4 5. Bc4 d6 6. h3 c6 7. Nxd4 exd4 8. Ne2 Nxe4 9. Nxd4 d5 10. d3 Bb4+ 11. Kf1 dxc4 12. dxe4 c5 13. Qh5 Qxd4 14. c3 Bxc3 15. Be3 Qd3+ 16. Kg1 Bd4 17. Bxd4 Qxd4 18. Rd1 g6 19. Rxd4 gxh5 20. Rxc4 b6 0-1

[Event "Voronezh op-B 17th"]
[Site "Voronezh"]
[Date "2013.06.19"]
[Round "8"]
[White "Makarkin, Zhan"]
[Black "Mokshin, Maksim"]
[Result "1/2-1/2"]
[WhiteElo "2086"]
[BlackElo "1972"]
[PlyCount "81"]
[EventDate "2013.06.12"]
[EventType "swiss"]
[EventRounds "9"]
[EventCountry "RUS"]
[SourceTitle "EXT 2014"]
[Source "ChessBase"]
[SourceDate "2013.11.20"]
[SourceVersion "1"]
[SourceVersionDate "2013.11.20"]
[SourceQuality "1"]

1. e4 c5 2. Nf3 e6 3. d4 cxd4 4. Nxd4 Nf6 5. Bd3 d6 6. 0-0 a6 7. c4 Qc7 8. b3 Nbd7 9. Qe2 Be7 10. f4 0-0 11. Bb2 Re8 12. Nf3 Nc5 13. Bc2 b5 14. e5 Nfd7 15. Nbd2 bxc4 16. Nxc4 d5 17. Ncd2 a5 18. Qe3 Ba6 19. Rfc1 g6 20. Nd4 Bf8 21. N2f3 Bg7 22. Ba3 Rab8 23. Bd1 Rec8 24. Rc2 Qb6 25. Rac1 Ne4 26. Rxc8+ Rxc8 27. Rxc8+ Bxc8 28. Bc2 Nec5 29. g4 Bh6 30. g5 Bf8 31. Bb2 a4 32. Kf2 Ba6 33. Bc3 axb3 34. Nxb3 Qb5 35. Bd4 Qc4 36. Ne1 h6 37. h4 h5 38. Kg3 Bg7 39. Kf2 Kf8 40. Kg3 Ke8 41. Qc3 1/2-1/2

[Event "Voronezh op-B 17th"]
[Site "Voronezh"]
[Date "2013.06.17"]
[Round "6"]
[White "Makarkin, Zhan"]
[Black "Grishchenko, Vladimir"]
[Result "0-1"]
[WhiteElo "2086"]
[BlackElo "2020"]
[PlyCount "30"]
[EventDate "2013.06.12"]
[EventType "swiss"]
[EventRounds "9"]
[EventCountry "RUS"]
[SourceTitle "EXT 2014"]
[Source "ChessBase"]
[SourceDate "2013.11.20"]
[SourceVersion "1"]
[SourceVersionDate "2013.11.20"]
[SourceQuality "1"]

1. e4 c5 2. Nf3 e6 3. d4 cxd4 4. Nxd4 a6 5. Bd3 Qc7 6. 0-0 Nc6 7. Nxc6 dxc6 8. f4 c5 9. Kh1 Nf6 10. Nc3 e5 11. f5 h5 12. Bg5 Ng4 13. Be2 f6 14. Bd2 Bd7 15. h3 0-0-0 0-1

[Event "Voronezh op-B 17th"]
[Site "Voronezh"]
[Date "2013.06.12"]
[Round "1"]
[White "Volobuev, Sergey"]
[Black "Makarkin, Zhan"]
[Result "0-1"]
[WhiteElo "1818"]
[BlackElo "2086"]
[PlyCount "59"]
[EventDate "2013.06.12"]
[EventType "swiss"]
[EventRounds "9"]
[EventCountry "RUS"]
[SourceTitle "EXT 2014"]
[Source "ChessBase"]
[SourceDate "2013.11.20"]
[SourceVersion "1"]
[SourceVersionDate "2013.11.20"]
[SourceQuality "1"]

1. e4 e5 2. Nc3 Nf6 3. Nf3 Nc6 4. Be2 Be7 5. d4 d6 6. dxe5 Nxe5 7. Nxe5 dxe5 8. Qxd8+ Bxd8 9. f4 exf4 10. Bxf4 0-0 11. 0-0 c6 12. Bd6 Re8 13. e5 Bb6+ 14. Kh1 Ng4 15. Bxg4 Bxg4 16. Rf4 Be6 17. Rd1 Bd8 18. Ne4 b6 19. Rd3 h6 20. Rg3 Kh7 21. Rgf3 Bd5 22. Re3 f6 23. Ng3 fxe5 24. Rg4 Bg5 25. Rxe5 Bf6 26. Rxe8 Rxe8 27. h4 Bxb2 28. Nf5 Re4 29. Rg3 Re6 30. Bc7 0-1

[Event "Belorechensk Seniors op"]
[Site "Belorechensk"]
[Date "2013.02.21"]
[Round "9"]
[White "Makarkin, Zhan"]
[Black "Mololkin, Victor"]
[Result "0-1"]
[WhiteElo "2138"]
[BlackElo "2407"]
[PlyCount "46"]
[EventDate "2013.02.13"]
[EventType "swiss"]
[EventRounds "9"]
[EventCountry "RUS"]
[SourceTitle "CBM 153 Extra"]
[Source "ChessBase"]
[SourceDate "2013.04.22"]
[SourceVersion "1"]
[SourceVersionDate "2013.04.22"]
[SourceQuality "1"]

1. e4 c5 2. Nf3 d6 3. d4 cxd4 4. Nxd4 Nf6 5. Nc3 g6 6. Bg5 Bg7 7. Bb5+ Bd7 8. Qe2 0-0 9. Bxd7 Nbxd7 10. 0-0-0 Rc8 11. Nb3 Rxc3 12. bxc3 Qc7 13. Bd2 Ne5 14. f3 Nc4 15. Bf4 Rc8 16. Bg3 Bh6+ 17. Kb1 Qc6 18. Be1 Qa4 19. Rd4 b5 20. Nd2 Na3+ 21. Kb2 Qxc2+ 22. Kxa3 Qxc3+ 23. Nb3 Bc1+ 0-1

[Event "Belorechensk Seniors op"]
[Site "Belorechensk"]
[Date "2013.02.13"]
[Round "1"]
[White "Baranov, Vyacheslav"]
[Black "Makarkin, Zhan"]
[Result "0-1"]
[WhiteElo "1508"]
[BlackElo "2138"]
[PlyCount "58"]
[EventDate "2013.02.13"]
[EventType "swiss"]
[EventRounds "9"]
[EventCountry "RUS"]
[SourceTitle "CBM 153 Extra"]
[Source "ChessBase"]
[SourceDate "2013.04.22"]
[SourceVersion "1"]
[SourceVersionDate "2013.04.22"]
[SourceQuality "1"]

1. e4 e5 2. Nf3 Nc6 3. Bb5 a6 4. Ba4 Nf6 5. 0-0 Be7 6. Re1 b5 7. Bb3 d6 8. c3 0-0 9. h3 Nb8 10. d4 Nbd7 11. Bc2 Bb7 12. Bg5 h6 13. Bh4 Re8 14. Nbd2 Bf8 15. Nf1 g5 16. Bg3 exd4 17. Qxd4 Bg7 18. e5 Nh5 19. Qg4 Nxg3 20. Qxg3 Nxe5 21. Nxe5 Rxe5 22. Qd3 Qe8 23. Ne3 Qc6 24. f3 Rae8 25. Kf2 Qb6 26. Re2 f5 27. Qd4 Qxd4 28. cxd4 Rxe3 29. Rxe3 Bxd4 0-1

[Event "Anapa op"]
[Site "Anapa"]
[Date "2012.09.03"]
[Round "4"]
[White "Vinogradov, Anatoly"]
[Black "Makarkin, Zhan"]
[Result "1/2-1/2"]
[WhiteElo "2045"]
[BlackElo "2157"]
[PlyCount "82"]
[EventDate "2012.08.30"]
[EventType "swiss"]
[EventRounds "9"]
[EventCountry "RUS"]
[SourceTitle "CBM 150 Extra"]
[Source "ChessBase"]
[SourceDate "2012.10.19"]
[SourceVersion "1"]
[SourceVersionDate "2012.10.19"]
[SourceQuality "1"]

1. d4 d5 2. c4 c6 3. cxd5 cxd5 4. Nc3 Nf6 5. Bf4 Nc6 6. e3 e6 7. Nf3 Be7 8. Be2 a6 9. Rc1 0-0 10. 0-0 Nh5 11. Be5 f6 12. Bg3 Nxg3 13. hxg3 Bd7 14. e4 Nb4 15. exd5 Nxd5 16. Nxd5 exd5 17. Qb3 Bc6 18. Ne1 Qa5 19. Bf3 Rfd8 20. Nd3 Bd6 21. Nc5 Bf8 22. Ne6 Rd7 23. Nxf8 Rxf8 24. Rc5 Qd8 25. Re1 Rd6 26. Rc3 Re8 27. Rce3 Rxe3 28. fxe3 f5 29. e4 fxe4 30. Bxe4 Qa5 31. Rf1 Qa4 32. Qxa4 Bxa4 33. Bf3 Bc6 34. Re1 Kf7 35. Re5 Kf6 36. b4 g6 37. Kf2 Re6 38. Rxe6+ Kxe6 39. Ke3 h6 40. g4 g5 41. g3 Kd6 1/2-1/2

[Event "Anapa op"]
[Site "Anapa"]
[Date "2012.09.01"]
[Round "2"]
[White "Ivanov, Nikolay A"]
[Black "Makarkin, Zhan"]
[Result "1-0"]
[WhiteElo "1962"]
[BlackElo "2157"]
[PlyCount "68"]
[EventDate "2012.08.30"]
[EventType "swiss"]
[EventRounds "9"]
[EventCountry "RUS"]
[SourceTitle "CBM 150 Extra"]
[Source "ChessBase"]
[SourceDate "2012.10.19"]
[SourceVersion "1"]
[SourceVersionDate "2012.10.19"]
[SourceQuality "1"]

1. c4 c5 2. Nc3 Nc6 3. g3 Nf6 4. Bg2 e5 5. d3 d6 6. Nf3 Bd7 7. 0-0 Be7 8. a3 0-0 9. Rb1 Rb8 10. b4 b6 11. e3 Qc8 12. Re1 Re8 13. Bd2 h6 14. Nd5 Bd8 15. b5 Na5 16. Nxf6+ Bxf6 17. Bxa5 bxa5 18. Nd2 Bd8 19. Ne4 Re6 20. Nc3 Rf6 21. a4 Kh7 22. Nd5 Re6 23. Rb2 Re8 24. Rf1 Bh3 25. Bxh3 Qxh3 26. Qf3 Qe6 27. e4 Rf8 28. Qg2 f5 29. f4 exf4 30. gxf4 Qg6 31. Qxg6+ Kxg6 32. Re2 Rb7 33. e5 Rff7 34. Rfe1 Kh7 1-0

[Event "Belorechensk Sarkisov Memorial op"]
[Site "Belorechensk"]
[Date "2012.05.26"]
[Round "4"]
[White "Makarkin, Zhan"]
[Black "Kvasov, Alexey"]
[Result "0-1"]
[WhiteElo "2126"]
[BlackElo "1964"]
[PlyCount "76"]
[EventDate "2012.05.23"]
[EventType "swiss"]
[EventRounds "9"]
[EventCountry "RUS"]
[SourceTitle "CBM 148 Extra"]
[Source "ChessBase"]
[SourceDate "2012.06.22"]
[SourceVersion "1"]
[SourceVersionDate "2012.06.22"]
[SourceQuality "1"]

1. e4 c5 2. Nf3 d6 3. d4 cxd4 4. Nxd4 Nc6 5. c4 g6 6. Be3 Bg7 7. Nc3 Nf6 8. f3 0-0 9. Qd2 Nh5 10. 0-0-0 f5 11. exf5 gxf5 12. Nxc6 bxc6 13. Bh6 Rf6 14. Bxg7 Nxg7 15. h3 Qb6 16. Nd5 cxd5 17. Qxd5+ Be6 18. Qxa8+ Rf8 19. Qxf8+ Kxf8 20. Rd2 f4 21. Bd3 Bf5 22. Rhd1 Bxd3 23. Rxd3 Nf5 24. b3 a5 25. R1d2 a4 26. Kb2 e5 27. Ka3 axb3 28. axb3 Qa5+ 29. Kb2 Qb4 30. Ka2 h5 31. Rd5 Qc3 32. R5d3 Qc1 33. Rxd6 Nxd6 34. Rxd6 Ke7 35. Rh6 Qc2+ 36. Ka3 Qxg2 37. c5 Qxf3 38. c6 Qc3 0-1

[Event "Voronezh op-B 15th"]
[Site "Voronezh"]
[Date "2011.06.15"]
[Round "4"]
[White "Makarkin, Zhan"]
[Black "Provkin, Vladimir"]
[Result "0-1"]
[WhiteElo "2140"]
[BlackElo "2211"]
[PlyCount "62"]
[EventDate "2011.06.12"]
[EventType "swiss"]
[EventRounds "9"]
[EventCountry "RUS"]
[SourceTitle "CBM 143 Extra"]
[Source "ChessBase"]
[SourceDate "2011.08.29"]
[SourceVersion "1"]
[SourceVersionDate "2011.08.29"]
[SourceQuality "1"]

1. e4 c5 2. Nf3 d6 3. d4 Nf6 4. Nc3 cxd4 5. Nxd4 Nc6 6. f3 e5 7. Nb3 Be7 8. Be3 0-0 9. Qd2 Be6 10. Nd5 Bxd5 11. exd5 Nb8 12. Na5 Qc7 13. c4 b6 14. Nb3 Nbd7 15. Be2 Nh5 16. 0-0 f5 17. Rac1 Rae8 18. f4 Nxf4 19. Bxf4 exf4 20. Nd4 Nc5 21. b4 Bf6 22. Nxf5 Be5 23. Nh6+ gxh6 24. bxc5 Qxc5+ 25. Kh1 Bd4 26. Rc2 Be3 27. Qd3 Re5 28. Bg4 Qc7 29. Be6+ Kh8 30. Re2 Qg7 31. Rfe1 Rg5 0-1

[Event "Voronezh op-B 15th"]
[Site "Voronezh"]
[Date "2011.06.12"]
[Round "1"]
[White "Volobuev, Sergey"]
[Black "Makarkin, Zhan"]
[Result "0-1"]
[WhiteElo "1805"]
[BlackElo "2140"]
[PlyCount "71"]
[EventDate "2011.06.12"]
[EventType "swiss"]
[EventRounds "9"]
[EventCountry "RUS"]
[SourceTitle "CBM 143 Extra"]
[Source "ChessBase"]
[SourceDate "2011.08.29"]
[SourceVersion "1"]
[SourceVersionDate "2011.08.29"]
[SourceQuality "1"]

1. g3 d5 2. Bg2 e5 3. d3 c6 4. Nf3 f6 5. 0-0 Ne7 6. c4 dxc4 7. dxc4 Qxd1 8. Rxd1 Na6 9. b3 h6 10. Nbd2 Bf5 11. e4 Bg4 12. Ba3 Ng6 13. c5 Bxc5 14. Bxc5 Nxc5 15. Rac1 Na6 16. Nc4 Ke7 17. Nd6 Rab8 18. Nf5+ Bxf5 19. exf5 Nf8 20. Nh4 Rd8 21. Bf3 Rxd1+ 22. Rxd1 Nb4 23. Rd2 Rg8 24. a3 Na6 25. b4 Nc7 26. a4 a6 27. Rc2 Kd6 28. Rd2+ Nd5 29. b5 axb5 30. axb5 Nd7 31. Ng2 Ra8 32. Ne3 N7b6 33. h4 Ra4 34. bxc6 bxc6 35. Rb2 e4 36. Nxd5 0-1

[Event "Kostroma Volga Cup op"]
[Site "Kostroma"]
[Date "2010.07.??"]
[Round "6"]
[White "Makarkin, Zhan"]
[Black "Smirnova, Ekaterina"]
[Result "1-0"]
[WhiteElo "2141"]
[BlackElo "1928"]
[PlyCount "79"]
[EventDate "2010.07.??"]
[EventType "swiss"]
[EventRounds "9"]
[EventCountry "RUS"]
[SourceTitle "EXT 2011"]
[Source "ChessBase"]
[SourceDate "2010.11.26"]
[SourceVersion "1"]
[SourceVersionDate "2010.11.26"]
[SourceQuality "1"]

1. e4 e5 2. Nf3 Nf6 3. d4 Nxe4 4. Bd3 d5 5. dxe5 Be7 6. 0-0 0-0 7. c4 c6 8. Qc2 f5 9. Nc3 Na6 10. a3 Nac5 11. cxd5 Nxc3 12. Qxc3 Nxd3 13. Qxd3 Qxd5 14. Qxd5+ cxd5 15. Rd1 Be6 16. b4 Rac8 17. Bg5 Kf7 18. Bxe7 Kxe7 19. Nd4 f4 20. Nb5 a6 21. Nd6 Rc7 22. Rac1 Kd7 23. Rxc7+ Kxc7 24. Rc1+ Kb8 25. f3 g5 26. Kf2 h5 27. Rd1 Kc7 28. h3 b6 29. a4 Kd7 30. Ne4 Rf5 31. a5 bxa5 32. Nc5+ Ke7 33. bxa5 Rxe5 34. Nxa6 d4 35. Nb4 Kd6 36. Ra1 Bd5 37. Nxd5 Kxd5 38. a6 Re8 39. a7 Ra8 40. Ke2 1-0